Európsky hospodársky priestor - vznik a vývoj až po súčasnosť

História vzniku a ciele vytvorenia Európskeho hospodárskeho priestoru (EHP). Európske spoločensko a jeho členské štáty.

Gespeichert in:
Bibliographische Detailangaben
1. Verfasser: Újová, Adriana
Format: Buchkapitel
Sprache:Slowakisch
Schlagworte:
Tags: Tag hinzufügen
Keine Tags, Fügen Sie das erste Tag hinzu!

MARC

LEADER 00000nla$a2200000$$$4500
001 0067465
005 20240502071818.2
041 0 |a slo 
044 |a SK 
245 1 0 |a Európsky hospodársky priestor - vznik a vývoj až po súčasnosť  |c Adriana Újová 
520 |a História vzniku a ciele vytvorenia Európskeho hospodárskeho priestoru (EHP). Európske spoločensko a jeho členské štáty. 
610 2 0 |a Európsky ekonomický priestor 
610 2 0 |a Európske spoločenstvá 
610 2 0 |a integrácia ekonomická medzinárodná 
610 2 0 |a spolupráca hospodárska medzinárodná 
610 2 0 |a Európska únia 
610 2 0 |a história 
610 2 0 |a dohody medzinárodné 
100 1 |a Újová, Adriana